01026nam a2200157Ia 4500008004100000020001500041050002200056100004300078245007800121260003400199300001800233500003500251500011500286505044200401650002500843120626s1957 mx 000 0 spa d a9684320833 aLB1051b V49 1982 aVillalpando Nava, José Manueleautor aManual de psicotécnica pedagógica c/ José Manuel, Villalpando Nava aMéxico b: Porrúac, 1957 a382 páginas areimpresión 1975, 1977, 1982 aIncluye: Prólogo a la presente edición (ix-viii), Índice análitico (pp. 323-327), Anexos (pp. 331-370) aConcepto y campo de psicotécnica pedagógica la investigación empírica de la personalidad Las técnicas psicoléxicas Las técnicas psicométricas La evaluación del escolar El hombre, fín concreto del conocimiento psicotécnico La conducta y su apreciación La inteligencia y su medida Selección y clasificación escolares El aprendizaje y su medida Examen del parendizaje Medida del aprendizaje aPSICOLOGIA EDUCATIVA